000 00987nam a22003017a 4500
003 CHAP
005 20220329134341.0
008 971013s1983 r 00010 d
010 _a19165
011 _a20137
035 _a24225
040 _cCHAP
090 _aTesis
100 0 0 _aDíaz Pérez, Rafael.
_933602
245 _aValor forrajero de las plantas arvenses; malezas de los coultivos
260 _aMéxico, D.F. :
_bEl autor,
_c1983
300 _a86 h.
_b: gráfs. ; mapas
502 _aTesis (Médico Veterinario Zootecnista) -- UNAM. Fac. de Medicina Veterinaria y Zootecnia
590 _aALEPH
_b10
_c20130110
_lUCH01
_h1242
590 _aBATCH-UPD
_b10
_c20130110
_lUCH01
_h2143
590 _aBATCH-UPD
_b10
_c20130410
_lUCH01
_h1451
590 _aBATCH-UPD
_b10
_c20130914
_lUCH01
_h1742
590 _aCONVERSION
_b10
_c20130109
_lUCH01
_h1312
650 1 4 _aMalas hierbas como forraje.
_970052
901 _aBK
942 _cTESIS
949 _bBC
_cTES
_d-55933
_eTS1
_i24225
_si
999 _c19165
_d19165